[Event "Barbera del Valles"]
[Site "XXIX Open"]
[Date "2006.07.10"]
[Round "6"]
[White "Ruiz Manchon, Francesc Xavier"]
[Black "Hernandez Casillas, Joan"]
[Result "0-1"]
[WhiteElo "2151"]
[BlackElo "2184"]
[PlyCount "144"]
[EventDate "2006.07.05"]
[SourceDate "2006.07.06"]

1. e4 e5 2. Nf3 Nc6 3. d4 exd4 4. Bc4 Be7 5. O-O d6 6. Nxd4 Nf6 7. Nc3 O-O 8.
Nxc6 bxc6 9. f3 Be6 10. Bb3 d5 11. e5 Nd7 12. f4 f5 13. Be3 Nc5 14. Ne2 Nxb3
15. axb3 c5 16. c3 a5 17. Qc2 Qb8 18. c4 d4 19. Bd2 Qb6 20. Ra3 Rfb8 21. Rfa1
a4 22. Qd1 Bd7 23. Nc1 Qg6 24. bxa4 Rxb2 25. a5 Bc6 26. Qe2 Qe6 27. R3a2 Rbb8
28. Be1 g6 29. Ra3 Be4 30. Qd2 Ra7 31. Rb3 Rd8 32. Rb5 Bb7 33. Rb2 Ba6 34. Rc2
Rb7 35. Nd3 Rdb8 36. Rac1 Rb3 37. Nb2 Qc6 38. Na4 R3b7 39. Rb2 Qe4 40. Rxb7
Rxb7 41. Qf2 Rb3 42. Nb2 Bb7 43. Rc2 h5 44. Re2 Qc6 45. Rd2 h4 46. Rd3 Rxd3 47.
Nxd3 h3 48. Bd2 hxg2 49. Ne1 Ba6 50. Qxg2 Qxg2+ 51. Kxg2 Bxc4 52. Nf3 Kf7 53.
Ng5+ Ke8 54. Kf2 Kd7 55. h4 Kc6 56. Kf3 Kb5 57. Be1 Bd5+ 58. Ke2 c4 59. Nh7 c5
60. Nf6 Bxf6 61. exf6 c3 62. Kd3 Kxa5 63. Kc2 Kb5 64. Bf2 Kc6 65. Kd1 Kd7 66.
h5 gxh5 67. Bh4 Bf7 68. Kc2 Kc6 69. Kd3 Kb5 70. Bf2 Ka4 71. Kc2 Kb4 72. Be1 Kc4
0-1

[Event "Barbera del Valles"]
[Site "XXIX Open"]
[Date "2006.07.10"]
[Round "6"]
[White "Rafols Albet, Josep"]
[Black "Chalmeta Ugas, Ramon"]
[Result "1-0"]
[WhiteElo "2072"]
[BlackElo "2167"]
[PlyCount "81"]
[EventDate "2006.07.05"]
[SourceDate "2006.07.06"]

1. b3 d5 2. Bb2 Bf5 3. e3 e6 4. Nf3 h6 5. Be2 Nf6 6. O-O c6 7. Nd4 Bh7 8. f4
Bd6 9. Nf3 Nbd7 10. Kh1 O-O 11. Ne5 Qc7 12. Nxd7 Nxd7 13. d3 c5 14. Qe1 Be7 15.
g4 c4 16. bxc4 dxc4 17. e4 Rac8 18. Nc3 Bb4 19. Nd5 Bxe1 20. Nxc7 Bb4 21. Nb5
cxd3 22. Bxd3 Nc5 23. f5 a6 24. a3 Ba5 25. Nd6 Rcd8 26. Nc4 Bc7 27. Rad1 b5 28.
Ne5 Bxe5 29. Bxe5 f6 30. Bc7 Rd7 31. Bb6 Na4 32. Ba5 Kh8 33. fxe6 Rd4 34. e5
Bxd3 35. cxd3 Kg8 36. Bb4 Re8 37. exf6 gxf6 38. Rxf6 Kg7 39. Rdf1 Rxg4 40. Rf7+
Kg6 41. e7 1-0

[Event "Barbera del Valles"]
[Site "XXIX Open"]
[Date "2006.07.10"]
[Round "6"]
[White "Barbero Sendic, Alejandro"]
[Black "Pascual Sauch, Angel"]
[Result "0-1"]
[WhiteElo "2019"]
[BlackElo "2167"]
[PlyCount "92"]
[EventDate "2006.07.05"]
[SourceDate "2006.07.06"]

1. e4 c5 2. Nf3 Nc6 3. Nc3 g6 4. d4 cxd4 5. Nxd4 Bg7 6. Be3 Nf6 7. Bc4 Qa5 8.
O-O O-O 9. Bb3 d6 10. h3 Bd7 11. f4 Nxd4 12. Bxd4 Bc6 13. e5 dxe5 14. fxe5 Ne4
15. e6 f5 16. Bxg7 Kxg7 17. Nxe4 Bxe4 18. Qd4+ Kg8 19. Qe3 Rad8 20. Rad1 Qb6
21. Qxb6 axb6 22. Kh2 Kg7 23. c3 Kf6 24. Kg3 h6 25. Kf2 g5 26. g3 Bd3 27. Rfe1
Rd6 28. h4 Rfd8 29. hxg5+ hxg5 30. Rh1 Be4 31. Rxd6 Rxd6 32. Rh7 Bd5 33. Rh6+
Kg7 34. Rh5 Bxb3 35. axb3 Kg6 36. Rh8 Rd2+ 37. Ke3 Rxb2 38. b4 g4 39. Re8 Kf6
40. Rb8 Rg2 41. Rxb7 Rxg3+ 42. Kd4 f4 43. c4 Rb3 44. Rxb6 g3 45. Rb8 g2 46. Rg8
Rg3 0-1

[Event "Barbera del Valles"]
[Site "XXIX Open"]
[Date "2006.07.10"]
[Round "6"]
[White "Campo Echevarria, Juan Francisco"]
[Black "Vila Seuba, Joan Carles"]
[Result "1-0"]
[WhiteElo "2133"]
[BlackElo "1982"]
[PlyCount "99"]
[EventDate "2006.07.05"]
[SourceDate "2006.07.06"]

1. e4 g6 2. d4 Bg7 3. Nc3 c6 4. f4 d5 5. e5 Nh6 6. h3 f6 7. Be3 Nf5 8. Bf2 fxe5
9. dxe5 d4 10. Ne4 Qd5 11. Bd3 Bh6 12. g4 Bxf4 13. gxf5 Bxf5 14. Qe2 c5 15. Qf3
Qxe5 16. Ne2 Bh6 17. Bg3 Bxe4 18. Bxe4 Qg5 19. Qf4 Nd7 20. Qxg5 Bxg5 21. Bxb7
Rd8 22. Bc7 O-O 23. Bxd8 Bh4+ 24. Kd1 Rxd8 25. Rf1 Nf6 26. Bg2 e5 27. a4 Rb8
28. Kc1 c4 29. Ra3 Bg5+ 30. Kb1 Kg7 31. Ng3 Bd2 32. Ne4 Nxe4 33. Bxe4 Bc3 34.
Ra2 Bd2 35. Bd5 Bf4 36. Bxc4 a5 37. Ra3 Rb4 38. Bd3 Kh6 39. Rb3 Rxa4 40. Rb5
Kg5 41. b3 Rb4 42. Rxa5 Kh4 43. Rf3 g5 44. Ra7 h5 45. Rh7 Rb6 46. Ra7 Re6 47.
Be4 Re8 48. Ra6 g4 49. hxg4 Kxg4 50. Rg6+ 1-0

[Event "Barbera del Valles"]
[Site "XXIX Open"]
[Date "2006.07.10"]
[Round "6"]
[White "Del Valle Cirera, Adria"]
[Black "Molinero Martin, Joan"]
[Result "1/2-1/2"]
[WhiteElo "1964"]
[BlackElo "2103"]
[PlyCount "110"]
[EventDate "2006.07.05"]
[SourceDate "2006.07.06"]

1. e4 e5 2. Nf3 Nc6 3. Bb5 Bc5 4. c3 Qe7 5. O-O a6 6. Bxc6 dxc6 7. Nxe5 Qxe5 8.
d4 Qe7 9. dxc5 Qxc5 10. Bf4 Qe7 11. Qf3 Nf6 12. Bg5 h6 13. Bxf6 gxf6 14. Na3
Bd7 15. Nc2 O-O-O 16. Rfe1 Rdg8 17. Ne3 Rg5 18. Rad1 Qe5 19. Rd4 Rhg8 20. Red1
Be6 21. b3 Kb8 22. Rd8+ Ka7 23. Rxg8 Rxg8 24. Nc2 f5 25. exf5 Bd5 26. Qe3+ Qxe3
27. Nxe3 Re8 28. Kf1 Re5 29. Rd4 h5 30. Rh4 Be4 31. Rxh5 Bb1 32. Rh4 Bxa2 33.
b4 c5 34. Rf4 cxb4 35. cxb4 c5 36. bxc5 Rxc5 37. h4 b5 38. g4 a5 39. g5 b4 40.
g6 f6 41. g7 Bg8 42. h5 b3 43. Nd1 Rc1 44. Ke2 b2 45. Nxb2 Rc2+ 46. Kd3 Rxb2
47. Kc3 Rb3+ 48. Kc2 Rb4 49. Rf3 a4 50. Rd3 Rb8 51. h6 Bh7 52. Rd4 Kb7 53. Rxa4
Kc7 54. Ra6 Rb6 55. Ra7+ Rb7 1/2-1/2

[Event "Barbera del Valles"]
[Site "XXIX Open"]
[Date "2006.07.10"]
[Round "6"]
[White "Martinez Balaguer, Josep"]
[Black "Montell Zabay, Albert"]
[Result "1/2-1/2"]
[WhiteElo "1937"]
[BlackElo "2158"]
[PlyCount "98"]
[EventDate "2006.07.05"]
[SourceDate "2006.07.06"]

1. c4 Nf6 2. Nc3 g6 3. g3 Bg7 4. Bg2 c5 5. Nf3 Nc6 6. d4 cxd4 7. Nxd4 O-O 8.
O-O Qb6 9. Nb3 d6 10. Be3 Qd8 11. Nd4 Bd7 12. h3 Qc8 13. Kh2 Nxd4 14. Bxd4 Qxc4
15. Bxb7 Rab8 16. Bf3 e5 17. Bxa7 Rxb2 18. Rc1 Qa6 19. Be3 Rc8 20. Nd5 Rxc1 21.
Qxc1 Qb5 22. a4 Qb8 23. Ne7+ Kf8 24. Nc6 Qb3 25. Na5 Qb8 26. Nc6 Qb3 27. a5 e4
28. Nd4 Qb4 29. Bg2 Ra2 30. Qc7 Qxa5 31. Qxd6+ Kg8 32. Qb8+ Bf8 33. Nb3 Qb4 $11
34. Qf4 Nd5 35. Qxe4 Qxe4 36. Bxe4 Nxe3 37. fxe3 Rxe2+ 38. Bg2 Rxe3 39. Nd4 Bc5
40. Rd1 Ba4 41. Rd2 Kg7 42. Ne2 h5 43. Nf4 Bb3 44. h4 Kh6 45. Nd5 Re1 46. Bf3
Ra1 47. Kg2 Rg1+ 48. Kh2 Rf1 49. Kg2 Rg1+ 1/2-1/2

[Event "Barbera del Valles"]
[Site "XXIX Open"]
[Date "2006.07.11"]
[Round "7"]
[White "Narciso Dublan, Marc"]
[Black "Gonzalez, Yuri"]
[Result "1/2-1/2"]
[WhiteElo "2467"]
[BlackElo "2491"]
[PlyCount "36"]
[EventDate "2006.07.05"]
[SourceDate "2006.07.06"]

1. e4 c5 2. Nf3 d6 3. d4 cxd4 4. Nxd4 Nf6 5. Nc3 g6 6. f4 Nc6 7. Nxc6 bxc6 8.
e5 Nd7 9. Bc4 Nb6 10. exd6 Qxd6 11. Bd3 Bg7 12. O-O Bf5 13. Bxf5 Qc5+ 14. Kh1
Qxf5 15. Qe2 O-O 16. Be3 Nd5 17. Nxd5 cxd5 18. c3 Rfc8 1/2-1/2

[Event "Barbera del Valles"]
[Site "XXIX Open"]
[Date "2006.07.11"]
[Round "7"]
[White "Epishin, Vladimir"]
[Black "Lopez Martinez, Jose Manuel"]
[Result "1/2-1/2"]
[WhiteElo "2555"]
[BlackElo "2480"]
[PlyCount "80"]
[EventDate "2006.07.05"]
[SourceDate "2006.07.06"]

1. d4 d5 2. c4 dxc4 3. Nf3 Nf6 4. e3 g6 5. Bxc4 Bg7 6. O-O O-O 7. Qe2 c5 8. d5
Ne4 9. Nbd2 Nd6 10. Rd1 Nxc4 11. Nxc4 b5 12. Na3 a6 13. e4 Bg4 14. Nc2 Nd7 15.
Nce1 Ne5 16. Bf4 Qd6 17. Bxe5 Bxe5 18. h3 Bxf3 19. Nxf3 f5 20. Rac1 fxe4 21.
Nxe5 Qxe5 22. Rxc5 Rad8 23. b4 Rd6 24. Qe3 e6 25. Rc6 Rxd5 26. Re1 Qb2 27. Rxa6
Rd2 28. Qxe4 Rdxf2 29. Rxe6 Qxa2 30. Re7 R2f7 31. Qd4 Qc4 32. Qxc4 bxc4 33.
Rxf7 Rxf7 34. Re8+ Kg7 35. Rc8 Rf4 36. b5 Rf5 37. b6 Rb5 38. Rc7+ Kh6 39. Rxc4
Rxb6 40. Kh2 Rb7 1/2-1/2

[Event "Barbera del Valles"]
[Site "XXIX Open"]
[Date "2006.07.11"]
[Round "7"]
[White "Teske, Henrik"]
[Black "Rustemov, Alexander"]
[Result "1/2-1/2"]
[WhiteElo "2510"]
[BlackElo "2565"]
[PlyCount "21"]
[EventDate "2006.07.05"]
[SourceDate "2006.07.06"]

1. e4 e6 2. d4 d5 3. exd5 exd5 4. Bd3 Nc6 5. c3 Bd6 6. Nf3 Nge7 7. O-O Bg4 8.
h3 Bh5 9. Be3 Bg6 10. Re1 Bxd3 11. Qxd3 1/2-1/2

[Event "Barbera del Valles"]
[Site "XXIX Open"]
[Date "2006.07.11"]
[Round "7"]
[White "Almeida, Omar"]
[Black "Asis Gargatagli, Hipolit"]
[Result "0-1"]
[WhiteElo "2475"]
[BlackElo "2371"]
[PlyCount "84"]
[EventDate "2006.07.05"]
[SourceDate "2006.07.06"]

1. d4 g6 2. Nf3 Bg7 3. c4 d6 4. Nc3 e5 5. e4 Nc6 6. d5 Nce7 7. h4 Nf6 8. Be2
O-O 9. Nd2 h5 10. Nf1 c6 11. f3 cxd5 12. cxd5 Bd7 13. Be3 Nh7 14. Qb3 f5 15.
Nd2 fxe4 16. fxe4 Nf6 17. O-O-O b5 18. Bxb5 Ng4 19. Rhe1 Nxe3 20. Rxe3 Bh6 21.
Bxd7 Bxe3 22. Be6+ Kg7 23. Kb1 Rb8 24. Qa4 Rf2 25. Nc4 Bd4 26. Nb5 Bxb2 27.
Nbxd6 Bd4+ 28. Nb5 Qe8 29. Ncd6 Rxb5+ 30. Qxb5 Qxb5+ 31. Nxb5 Rb2+ 32. Kc1 Rxb5
33. Rf1 Bc5 34. Rf7+ Kh6 35. Rf8 Ba3+ 36. Kd1 Rb2 37. Rd8 Bb4 38. a3 Bxa3 39.
d6 Nc6 40. Rh8+ Kg7 41. Rg8+ Kf6 42. Bd5 Rb8 0-1

[Event "Barbera del Valles"]
[Site "XXIX Open"]
[Date "2006.07.11"]
[Round "7"]
[White "Cuartas, Jaime Alexander"]
[Black "Vehi Bach, Victor"]
[Result "1/2-1/2"]
[WhiteElo "2466"]
[BlackElo "2345"]
[PlyCount "78"]
[EventDate "2006.07.05"]
[SourceDate "2006.07.06"]

1. e4 c5 2. Nf3 e6 3. d4 cxd4 4. Nxd4 a6 5. Bd3 Nf6 6. Qe2 d6 7. O-O b6 8. c4
Bb7 9. b3 Nbd7 10. Bb2 Nc5 11. Nd2 Nxd3 12. Qxd3 Be7 13. Rfe1 O-O 14. Rad1 Qc7
15. Qg3 Nh5 16. Qh3 g6 17. Nf1 Bf6 18. Qe3 Bg7 19. Bc3 Nf6 20. f3 b5 21. cxb5
e5 22. Ne2 axb5 23. Bb4 Rfd8 24. Rc1 Qb8 25. Nc3 d5 26. exd5 Nxd5 27. Nxd5 Rxd5
28. Qf2 Qd8 29. Ne3 Rd4 30. Bc3 Rd3 31. Rcd1 Rxd1 32. Nxd1 Qd6 33. Qb2 b4 34.
Bxe5 Bxe5 35. Qxe5 Qxe5 36. Rxe5 Rxa2 37. Ne3 Rb2 38. Rb5 Rxb3 39. Rxb7 Rxe3
1/2-1/2

[Event "Barbera del Valles"]
[Site "XXIX Open"]
[Date "2006.07.11"]
[Round "7"]
[White "De la Paz, Frank"]
[Black "Gomez Jurado, Luis Alberto"]
[Result "1-0"]
[WhiteElo "2442"]
[BlackElo "2333"]
[PlyCount "53"]
[EventDate "2006.07.05"]
[SourceDate "2006.07.06"]

1. e4 c5 2. Nf3 Nc6 3. Bb5 d6 4. O-O Bd7 5. Re1 Nf6 6. c3 a6 7. Bf1 e5 8. h3
Be7 9. d4 cxd4 10. cxd4 exd4 11. Nxd4 d5 12. exd5 Nxd5 13. Bc4 Nxd4 14. Bxd5
Bc6 15. Nc3 Nb5 16. Nxb5 axb5 17. Bxc6+ bxc6 18. Qe2 Ra7 19. Be3 Rd7 20. Bc5
Kf8 21. Qc2 Bd6 22. Rad1 h5 23. Rxd6 Rxd6 24. Rd1 Rhh6 25. Qd3 Ke7 26. Qg3 Rhe6
27. Rxd6 1-0

[Event "Barbera del Valles"]
[Site "XXIX Open"]
[Date "2006.07.11"]
[Round "7"]
[White "Cruz, Filemon"]
[Black "Garcia Jimenez, Francisco Javier"]
[Result "1-0"]
[WhiteElo "2397"]
[BlackElo "2270"]
[PlyCount "53"]
[EventDate "2006.07.05"]
[SourceDate "2006.07.06"]

1. c4 e5 2. Nc3 Nc6 3. g3 g6 4. Bg2 Bg7 5. Rb1 f5 6. b4 Nf6 7. d3 O-O 8. b5 Nd4
9. Nf3 Ne6 10. O-O d6 11. Ng5 Nxg5 12. Bxg5 h6 13. Bd2 f4 14. Nd5 g5 15. e3 Kh8
16. exf4 gxf4 17. Nxf6 Qxf6 18. Qh5 f3 19. Bh3 Bxh3 20. Qxh3 Qg6 21. Rb3 Rf5
22. Re1 Raf8 23. Re4 c6 24. bxc6 bxc6 25. Rg4 Qe6 26. Rb7 R5f7 27. Rxf7 1-0

[Event "Barbera del Valles"]
[Site "XXIX Open"]
[Date "2006.07.11"]
[Round "7"]
[White "Vilela, Jose Luis"]
[Black "Moreto Quintana, Alex"]
[Result "1-0"]
[WhiteElo "2355"]
[BlackElo "2138"]
[PlyCount "83"]
[EventDate "2006.07.05"]
[SourceDate "2006.07.06"]

1. d4 f5 2. Nc3 d5 3. Bf4 c6 4. e3 Nf6 5. Nf3 e6 6. Bd3 Be7 7. O-O O-O 8. Ne2
Nh5 9. Be5 Nd7 10. c4 Nxe5 11. Nxe5 g5 12. Qc2 Nf6 13. c5 Nd7 14. f4 Nxe5 15.
fxe5 h5 16. b4 Bd7 17. Rab1 b5 18. a4 a6 19. Ra1 Qc7 20. Ra2 g4 21. Rfa1 Rab8
22. axb5 axb5 23. Nf4 Bg5 24. Qf2 Bxf4 25. Qxf4 Kh7 26. Ra7 Rb7 27. Ra8 Rxa8
28. Rxa8 Rb8 29. Ra1 Qd8 30. Ra7 Kg7 31. h3 gxh3 32. Qg3+ Kh6 33. Bxf5 exf5 34.
e6 Qg8 35. Qf4+ Qg5 36. exd7 Qxf4 37. exf4 h4 38. gxh3 Rd8 39. Rc7 Kh5 40. Kf2
Kg6 41. Rxc6+ Kh5 42. Rc7 1-0

[Event "Barbera del Valles"]
[Site "XXIX Open"]
[Date "2006.07.11"]
[Round "7"]
[White "Torao Compte, Victor"]
[Black "Perpinya Rofes, Lluis Maria"]
[Result "0-1"]
[WhiteElo "2011"]
[BlackElo "2333"]
[PlyCount "78"]
[EventDate "2006.07.05"]
[SourceDate "2006.07.06"]

1. e4 c5 2. a3 g6 3. Nc3 Bg7 4. f4 Nc6 5. Nf3 e6 6. Bc4 Nge7 7. Ba2 O-O 8. d3
d5 9. Qe2 Nd4 10. Nxd4 cxd4 11. Nd1 dxe4 12. dxe4 b6 13. Nf2 Bb7 14. O-O Qc7
15. Bb3 Nc6 16. Ng4 Na5 17. f5 exf5 18. exf5 Nxb3 19. cxb3 Rfe8 20. Qd2 Re4 21.
Nh6+ Bxh6 22. Qxh6 Re2 23. Rf2 Re1+ 24. Rf1 Rae8 25. Bd2 Qc6 26. Qg5 Rxa1 27.
Rxa1 h6 28. Qg4 h5 29. Qf3 Qxf3 30. gxf3 Re2 31. Bf4 Bxf3 32. Kf1 d3 33. Rc1 d2
34. Rc8+ Kg7 35. Bxd2 Rxd2 36. Rc7 Rxh2 37. fxg6 Kxg6 38. Rxa7 Rxb2 39. b4 h4
0-1

[Event "Barbera del Valles"]
[Site "XXIX Open"]
[Date "2006.07.11"]
[Round "7"]
[White "Asensio Linan, Teodoro"]
[Black "Losada Cabrera, Francisco Javier"]
[Result "1/2-1/2"]
[WhiteElo "2244"]
[BlackElo "2195"]
[PlyCount "73"]
[EventDate "2006.07.05"]
[SourceDate "2006.07.06"]

1. d4 d5 2. c4 e6 3. Nc3 Nf6 4. cxd5 exd5 5. Bg5 Be7 6. Qc2 O-O 7. e3 Nbd7 8.
Bd3 h6 9. Bf4 c6 10. h3 Qa5 11. Nf3 c5 12. Bf5 cxd4 13. Nxd4 Nc5 14. O-O Ne6
15. Nb3 Qb6 16. Be5 Nc7 17. Nd4 Ne6 18. Nde2 Qc6 19. Rac1 Nd7 20. Bg3 Bf6 21.
Rfd1 Nb6 22. a4 Rd8 23. a5 Nc4 24. e4 dxe4 25. Bxe4 Qa6 26. Rxd8+ Bxd8 27. Qd3
Bxa5 28. Nd5 Bd7 29. Ne7+ Kf8 30. Qxd7 Nb6 31. Ng6+ Kg8 32. Qd1 Rd8 33. Ne7+
Kf8 34. Bd6 Nc4 35. Ng6+ Kg8 36. Ne7+ Kf8 37. Ng6+ 1/2-1/2

[Event "Barbera del Valles"]
[Site "XXIX Open"]
[Date "2006.07.11"]
[Round "7"]
[White "Alonso Rosell, Alvar"]
[Black "Carbonell Bofill, Carlos Eloy"]
[Result "1-0"]
[WhiteElo "2196"]
[BlackElo "2175"]
[PlyCount "123"]
[EventDate "2006.07.05"]
[SourceDate "2006.07.06"]

1. d4 d5 2. c4 c6 3. Nf3 Nf6 4. e3 a6 5. b3 Bf5 6. Bd3 Ne4 7. O-O e6 8. c5 Nd7
9. Bb2 g5 10. Qc2 Bg7 11. Nc3 Nxc3 12. Bxf5 exf5 13. Bxc3 Qf6 14. Ne5 Nxe5 15.
dxe5 Qe6 16. f4 g4 17. b4 h5 18. a4 O-O 19. Qf2 f6 20. Qh4 fxe5 21. Qg5 d4 22.
exd4 Qc4 23. Rac1 exd4 24. Ba1 Qxb4 25. Qxh5 Rae8 26. Kh1 Re3 27. Qg5 Re4 28.
Rb1 Qc4 29. Rg1 Rf7 30. Qd8+ Kh7 31. Qg5 Bh6 32. Qh5 Rxf4 33. Bxd4 Rxd4 34. Rb4
Qxb4 35. Qxf7+ Kh8 36. Qe8+ Kg7 37. Qe7+ Kg6 38. Qe6+ Kg5 39. Qe7+ Kg6 40. Qe6+
Kg7 41. Qe5+ Kh7 42. Qxf5+ Kh8 43. Qe5+ Kh7 44. Qf5+ Kg7 45. Qe5+ Kf7 46. Re1
Qxe1+ 47. Qxe1 Rxa4 48. Qb1 Rf4 49. Qxb7+ Kg8 50. g3 Rf6 51. Qc8+ Kh7 52. Qxg4
Rf1+ 53. Kg2 Rc1 54. Qe4+ Kg8 55. Qxc6 Bf8 56. Qg6+ Bg7 57. c6 a5 58. Qe6+ Kh7
59. Qf5+ Kh8 60. Qxa5 Rc2+ 61. Kh3 Rxc6 62. Qa8+ 1-0

[Event "Barbera del Valles"]
[Site "XXIX Open"]
[Date "2006.07.11"]
[Round "7"]
[White "Alonso Moyano, Jonathan"]
[Black "Fabregas Fernandez, Bernat"]
[Result "0-1"]
[WhiteElo "2372"]
[BlackElo "2170"]
[PlyCount "80"]
[EventDate "2006.07.05"]
[SourceDate "2006.07.06"]

1. e4 c5 2. Nc3 e6 3. f4 d5 4. Nf3 dxe4 5. Nxe4 Be7 6. Ne5 Nf6 7. Ng5 O-O 8.
Bc4 Qc7 9. d3 Nc6 10. Ngf3 Na5 11. Qe2 Nxc4 12. dxc4 b6 13. Bd2 Bb7 14. Ng5 h6
15. h4 Rad8 16. O-O-O a6 17. Rh2 Bc6 18. Kb1 b5 19. Rg1 Qb7 20. Bc1 bxc4 21.
Nxc6 Qxc6 22. Qxc4 Rd4 23. Qf1 hxg5 24. hxg5 Ng4 25. Rh3 f5 26. gxf6 Nxf6 27.
g4 Ne4 28. Qe2 Qd5 29. Rgh1 Kf7 30. Re1 Rd8 31. g5 Qf5 32. Qh5+ Qg6 33. Qxg6+
Kxg6 34. c3 Nd2+ 35. Bxd2 Rxd2 36. Rxe6+ Kf7 37. Rxa6 Rf2 38. a4 Rb8 39. g6+
Kg8 40. Ka1 Rfxb2 0-1

[Event "Barbera del Valles"]
[Site "XXIX Open"]
[Date "2006.07.11"]
[Round "7"]
[White "Sanchez Jerez, Emilio"]
[Black "Berrocal Farina, Jorge"]
[Result "0-1"]
[WhiteElo "2062"]
[BlackElo "2317"]
[PlyCount "88"]
[EventDate "2006.07.05"]
[SourceDate "2006.07.06"]

1. e4 c5 2. Nf3 d6 3. d4 cxd4 4. Nxd4 Nf6 5. Nc3 a6 6. Be3 e5 7. Nb3 Be6 8. Nd5
Nbd7 9. f3 Rc8 10. c4 Bxd5 11. exd5 g6 12. Qd2 Bg7 13. Na5 Qc7 14. b4 O-O 15.
Rc1 e4 16. Be2 exf3 17. gxf3 Rfe8 18. Kf2 Ne5 19. Kg2 Qd7 20. h3 Qe7 21. Rhe1
Qc7 22. c5 Qe7 23. Nc4 Nxc4 24. Bxc4 Nh5 25. Bg1 Qh4 26. Bh2 Be5 27. Re4 Qf6
28. f4 Bb2 29. Rce1 Rxe4 30. Rxe4 Bc3 31. Qe2 Bxb4 32. c6 bxc6 33. Re8+ Rxe8
34. Qxe8+ Kg7 35. dxc6 Ba5 36. Qe4 Qb2+ 37. Qe2 Qd4 38. f5 Bb6 39. Bd3 a5 40.
Be4 a4 41. fxg6 hxg6 42. Qc2 a3 43. Bf3 Nf4+ 44. Bxf4 Qg1# 0-1

[Event "Barbera del Valles"]
[Site "XXIX Open"]
[Date "2006.07.11"]
[Round "7"]
[White "Sanchez Romero, Miguel Angel"]
[Black "Porras Mateo, Felipe"]
[Result "0-1"]
[WhiteElo "2208"]
[BlackElo "2025"]
[PlyCount "170"]
[EventDate "2006.07.05"]
[SourceDate "2006.07.06"]

1. e4 c5 2. Nf3 Nc6 3. Bb5 g6 4. O-O Bg7 5. h3 e5 6. d3 Nge7 7. Be3 d6 8. c3
O-O 9. Bc4 Na5 10. b4 Nxc4 11. dxc4 b6 12. Nh2 Bb7 13. Qd3 Qc7 14. Nd2 f5 15.
f3 f4 16. Bf2 g5 17. Rfd1 Rad8 18. a4 Bc8 19. a5 Be6 20. axb6 axb6 21. b5 Ra8
22. Nb3 $11 Qb7 23. h4 h6 24. Qe2 Rxa1 25. Rxa1 gxh4 26. Bxh4 Ng6 27. Bf2 Ra8
28. Rxa8+ Qxa8 29. Qd3 Bf8 30. Nd2 Qa2 31. Nhf1 h5 32. Kh1 Qa1 33. Kg1 Qd1 34.
Qb1 Qa4 35. Qd3 h4 36. Be1 Qd1 37. Bf2 Kg7 38. Qb1 Qa4 39. Qd3 Be7 40. Kh1 Qd1
41. Kg1 Kh6 42. Qb1 Qe2 43. Qe1 Qd3 44. Qb1 Qxc3 45. Qa2 Qa5 46. Qb2 Qa4 47.
Qc1 h3 48. Nh2 Kh5 49. Ng4 hxg2 50. Kxg2 Bxg4 51. fxg4+ Kxg4 52. Nf3 Qb3 53.
Nh2+ Kh5 54. Nf3 Nh4+ 55. Bxh4 Bxh4 56. Qd2 Qe3 57. Qd1 Qxe4 58. Kh2 Bg3+ 59.
Kg2 Kg4 60. Qf1 Qc2+ 61. Kh1 Qf2 62. Nxe5+ Kg5 63. Qxf2 Bxf2 64. Nf7+ Kg4 65.
Kg2 Bd4 66. Nxd6 f3+ 67. Kf1 Be5 68. Nc8 Bc7 69. Kf2 Kf4 70. Ne7 Ke4 71. Nd5
Bd8 72. Kg3 Bh4+ 73. Kh2 Kd3 74. Kg1 Bd8 75. Kf2 Kxc4 76. Ne3+ Kxb5 77. Kxf3
Ka4 78. Ke2 Kb3 79. Kd1 b5 80. Nd5 c4 81. Ne3 Bg5 82. Nc2 b4 83. Nd4+ Kb2 84.
Nc2 b3 85. Nb4 c3 0-1

[Event "Barbera del Valles"]
[Site "XXIX Open"]
[Date "2006.07.11"]
[Round "7"]
[White "Hernandez Casillas, Joan"]
[Black "Chalmeta Ugas, Jordi"]
[Result "1-0"]
[WhiteElo "2184"]
[BlackElo "2093"]
[PlyCount "81"]
[EventDate "2006.07.05"]
[SourceDate "2006.07.06"]

1. d4 Nf6 2. c4 g6 3. f3 d5 4. cxd5 Nxd5 5. e4 Nb6 6. Nc3 Bg7 7. Be3 O-O 8. Qd2
c6 9. O-O-O Be6 10. Bh6 Nc4 11. Bxc4 Bxc4 12. h4 e5 13. Bxg7 Kxg7 14. dxe5
Qxd2+ 15. Rxd2 Re8 16. f4 Na6 17. Nf3 Rad8 18. Rhd1 Rxd2 19. Nxd2 Be6 20. Nf1
Re7 21. Ne3 Rd7 22. Rd6 Nc5 23. Kd2 a5 24. a3 a4 25. Rxd7 Bxd7 26. Nc4 b5 27.
Nd6 Kf8 28. Ne2 Nb3+ 29. Kc3 c5 30. f5 Ke7 31. Nf4 gxf5 32. exf5 Nd4 33. f6+
Kf8 34. Ne4 Nc6 35. Nxc5 Bf5 36. Nd5 Nxe5 37. Kb4 Nc4 38. Kxb5 Nxb2 39. Kb4 Ke8
40. Ne3 Bc8 41. Kc3 1-0

[Event "Barbera del Valles"]
[Site "XXIX Open"]
[Date "2006.07.11"]
[Round "7"]
[White "Pascual Sauch, Angel"]
[Black "Rafols Albet, Josep"]
[Result "0-1"]
[WhiteElo "2167"]
[BlackElo "2072"]
[PlyCount "94"]
[EventDate "2006.07.05"]
[SourceDate "2006.07.06"]

1. e4 e5 2. d4 exd4 3. f4 Bc5 4. Nf3 Nc6 5. Bd3 d5 6. e5 Nh6 7. a3 a5 8. Qe2
Bf5 9. h3 Qe7 10. g4 Bxd3 11. cxd3 f5 12. g5 Nf7 13. Nbd2 Nfd8 14. Nf1 Ne6 15.
Ng3 g6 16. h4 h5 17. gxh6 Rxh6 18. h5 O-O-O 19. Nh4 Rdh8 20. Nxg6 Rxg6 21. hxg6
Rxh1+ 22. Nxh1 Qh4+ 23. Nf2 Nxf4 24. Bxf4 Qxf4 25. Qh5 Bf8 26. e6 Nd8 27. Qh8
Nxe6 28. Qg8 Kd7 29. Kf1 Qd6 30. Re1 Ng7 31. Qf7+ Kc6 32. Re2 Kb5 33. Rc2 Kb6
34. b4 axb4 35. axb4 Nh5 36. b5 Bh6 37. Qh7 Qh2 38. Ke2 Nf4+ 39. Kf1 Qg2+ 40.
Ke1 Qg1+ 41. Kd2 Qxf2+ 42. Kc1 Nxd3+ 43. Kb1 Qe1+ 44. Ka2 Qa5+ 45. Kb1 Qb4+ 46.
Ka2 Qa4+ 47. Kb1 Qb3+ 0-1

[Event "Barbera del Valles"]
[Site "XXIX Open"]
[Date "2006.07.11"]
[Round "7"]
[White "Rodriguez Pardo, Fernando"]
[Black "Frances Cuscullola, Oriol"]
[Result "1-0"]
[WhiteElo "2165"]
[BlackElo "2009"]
[PlyCount "75"]
[EventDate "2006.07.05"]
[SourceDate "2006.07.06"]

1. d4 Nf6 2. c4 g6 3. Nc3 d5 4. Bf4 c6 5. e3 Bg7 6. Nf3 O-O 7. Bd3 Nbd7 8. h3
dxc4 9. Bxc4 Nb6 10. Bd3 Nfd5 11. Be5 f6 12. Bh2 Re8 13. e4 Nxc3 14. bxc3 e5
15. O-O Qe7 16. a4 c5 17. a5 Nd7 18. d5 Kh8 19. Nd2 b6 20. a6 Nf8 21. Bb5 Bd7
22. c4 g5 23. Bxd7 Qxd7 24. Qg4 Qf7 25. Nb1 Ng6 26. g3 Ne7 27. Nc3 h5 28. Qe2
Nc8 29. Nb5 Rd8 30. f4 gxf4 31. gxf4 Nd6 32. Nxd6 Rxd6 33. fxe5 Qg6+ 34. Kh1
fxe5 35. Rf5 Re8 36. Rxh5+ Kg8 37. Rg1 Qf7 38. Rhg5 1-0

[Event "Barbera del Valles"]
[Site "XXIX Open"]
[Date "2006.07.11"]
[Round "7"]
[White "Severri Arrese, Carlos"]
[Black "Ruiz Manchon, Francesc Xavier"]
[Result "1-0"]
[WhiteElo "2069"]
[BlackElo "2152"]
[PlyCount "127"]
[EventDate "2006.07.05"]
[SourceDate "2006.07.06"]

1. e4 c5 2. b3 b6 3. Bb2 Bb7 4. Nc3 e6 5. Nf3 d6 6. Bb5+ Nd7 7. O-O a6 8. Bxd7+
Qxd7 9. Re1 Nf6 10. d4 cxd4 11. Qxd4 Qc7 12. h3 Be7 13. Nh2 O-O 14. Qd1 Rfe8
15. Ng4 Qc5 16. Na4 Qc7 17. Nxf6+ Bxf6 18. Bxf6 gxf6 19. c4 b5 20. Nb2 Kh8 21.
Qd3 Qc5 22. Qe3 Rac8 23. Rad1 Red8 24. Rd2 Qxe3 25. Rxe3 Kg7 26. f3 Kf8 27. a4
Bc6 28. cxb5 axb5 29. a5 b4 30. Nd3 Rb8 31. Ra2 Rb5 32. Re1 Ra8 33. Rea1 Ra6
34. Kf2 d5 35. e5 Ke7 36. f4 d4 37. Ra4 Bd5 38. exf6+ Kxf6 39. Nxb4 Ra7 40.
Nxd5+ Rxd5 41. b4 e5 42. fxe5+ Kxe5 43. Rb1 Rb5 44. Ke2 Kd5 45. Kd3 Re7 46. a6
Re3+ 47. Kd2 Re8 48. a7 Ra8 49. Kd3 Rb7 50. Rba1 Re7 51. Ra6 Re3+ 52. Kd2 Rg3
53. Rb6 Rxg2+ 54. Kd3 Rg3+ 55. Ke2 Rgg8 56. Rb7 Kc4 57. b5 d3+ 58. Kf2 Rge8 59.
Rc1+ Kb3 60. Rbc7 d2 61. Rb1+ Ka2 62. Rd1 Red8 63. b6 Kb2 64. Ke2 1-0